000 01042nam a2200301 a 4500
001 000004161
003 DO-SdBNP
005 20240412074202.0
007 ta
008 090717s2006 dr a r 000 p spa d
020 _a9993498459
040 _aDO-SdBNP
_bspa
_cBNPHU
082 4 _aRD861.44
_bC764h
_222
100 1 _aContreras, Marivell
_912302
245 1 0 _aHija de la tormenta /
_cMarivell Contreras ; editor Lissette Ramírez G. ; pintura de portada Raúl Morilla
260 _aSan Francisco de Macorís, República Dominicana :
_bNacional ;
_bÁngeles de Fierro,
_c2006.
300 _a76 p . ;
_c18 cm.
490 1 _aCoediciones
500 _aIncluye datos biográficos de la autora en la solapa de la cubierta.
590 _aInventariado, 2018/BT
650 4 _aPoesía dominicana
_966
650 0 _aLiteratura dominicana.
_967
700 1 _91788
_aRamírez G., Lissette,
_eed.
700 _aMorilla, Raúl
_d1972-
_981296
830 0 _aCoediciones
_912296
910 _aValidado. Control de calidad. MMOLINA
942 _2ddc
_cLBS1
999 _c3977
_d3977